000 00394nam a2200109Ia 4500
008 171204s9999 xx 000 0 und d
245 _a42 Rules Of Marketing: A Funny Practical Guide With The Quick And Easy Steps To Success
245 _cLaura Lowell
260 _c2015
650 _xMARKETING MANAGEMENT
856 _uhttp://down.ebook777.com/022/42RulOfMarAFunPraGuiWitTheQuiAndEasSteToSuc.pdf
999 _c347035
_d347035